| 000 | 00670nam a2200217 u 4500 | ||
|---|---|---|---|
| 005 | 20251111063902.0 | ||
| 008 | 101011s2008 es r 000 0 spa d | ||
| 020 | _a9788471337740 | ||
| 035 | _aUPN01000178108 | ||
| 049 | _aCG | ||
| 050 | 4 |
_aRC388 _bR6.3 |
|
| 100 | 1 | _aRosa Moreno, Lourdes de la | |
| 245 | 1 | 3 |
_aLa historia de vida de Angel : _bparálisis cerebral, normalidad y comunicación / _cLourdes de la Rosa Moreno. |
| 260 |
_aMadrid : _bLa Muralla, _cc2008. |
||
| 300 |
_a371 p. ; _bil. |
||
| 440 | 0 | _aAula Abierta | |
| 650 | 2 |
_aParálisis cerebral _96551 |
|
| 650 | 4 |
_aEducación especial _93029 |
|
| 650 | 4 | _aPERSONAS CON DISCAPACIDAD | |
| 905 | _aLibro | ||
| 999 |
_c150211 _d150211 |
||